00883nam a2200265Ia 450000500170000000800410001702000150005805000230007308200190009610000380011524500770015326000290023030000180025933700100027733800140028733900120030165000340031365000430034770000310039070000320042170000310045394200120048495201040049699900170060020231102151500.0121101s1983 sp a f 000 0 spa d a8449968461 aHB99.7bK4918 1983 a330 M471c 19831 93042aKeynes, John Maynardeautor1 aCrítica de la economía clásica c/ John Maynard Keynes... [et al.] aEspaña : bSARPEc1983 a240 páginas aTexto aSin medio aVolumen14aECONOMÍA KEYNESIANA 9586624aECONOMÍAxHISTORIA Y CRÍTICA95867 aFriedman, M.ecoaut.95868 aHansen, A. H.ecoaut.95869 aSweezy, P. M.eautor95870 2lcccLB 00102lcc4070a12b12d2008-11-28l0oHB99.7 K4918 1983p12 000443r2015-04-22t1w2012-11-01yLB c86697d86697